000 01028nam a22003137a 4500
003 CHAP
005 20250613133049.0
008 971013s1980 r 00010 d
010 _a50915
011 _a51887
035 _a56037
040 _cCHAP
090 _aTesis
100 0 0 _aRodríguez Monjaraz, Ana María.
_998709
245 _aEnfermedades postcosecha en piña (variedad Cayena lisa) y su combate
260 _aMéxico, D. F. ; El autor,
_c1980
300 _a116 h.
502 _aTesis (Biólogo) -- UNAM. Facultad de Química
590 _aALEPH
_b10
_c20130110
_lUCH01
_h1326
590 _aBATCH-UPD
_b10
_c20130110
_lUCH01
_h0817
590 _aBATCH-UPD
_b10
_c20130410
_lUCH01
_h0454
590 _aBATCH-UPD
_b10
_c20130914
_lUCH01
_h1914
590 _aCONVERSION
_b10
_c20130109
_lUCH01
_h1328
650 1 7 _aPiña (Ananas comosus)
_xEnfermedades
_2
_988396
650 1 7 _aPiña (Ananas comosus)
_xFisiología y morfología
_2
_988399
901 _aBK
942 _cTESIS
949 _bBC
_cTES
_d-122585
_eTS1
_i56037
_si
999 _c50915
_d50915